| 000 | 00803nam0a22002771 4500 | ||
|---|---|---|---|
| 001 | RU\NLR\INFOCOMM19\ROSSICA\1000000779 | ||
| 005 | 20250613191540.0 | ||
| 035 | _a(NLR Aleph) 009935891 | ||
| 090 |
_a10741602 _c10741602 |
||
| 100 | _a20030919d1905 |||y0rusy50 ca | ||
| 101 | 1 |
_alat _crus |
|
| 102 | _aRU | ||
| 105 | _ay ||||000ay | ||
| 200 | 1 |
_aTesserarum urbis Romae et suburbi plumbearum sylloge _fM.Rostowzew |
|
| 210 |
_aSt.Petersbourg _d1905 |
||
| 215 | _d4° | ||
| 422 | 0 |
_12001#$aSupplementum _tSupplementum |
|
| 700 | 1 |
_9z01790 _aRostovcev _bM.I. _f1870-1952 _gMichail IvanoviÄ _4070 |
|
| 790 | 1 |
_9z01700 _aRostowzew _bM. _4070 |
|
| 801 | 1 |
_aRU _bInfoComm _c20030919 |
|
| 801 | 0 |
_aRU _bNLR _gPSBO |
|
| 852 |
_aNLR _j13.4.1.410 |
||
| 942 | _cBOOK | ||
| 980 | _aNB | ||
| 980 | _aRossica | ||